[Event "ARG-ch sf 99th"]
[Site "Buenos Aires"]
[Date "2024.06.03"]
[Round "3"]
[White "Naboulet, Pablo Leon"]
[Black "Toniutti, Ezio"]
[Result "1-0"]
[WhiteElo "1936"]
[BlackElo "2204"]
[PlyCount "119"]
[EventDate "2024.06.01"]
[EventType "swiss"]
[EventRounds "9"]
[EventCountry "ARG"]
[SourceTitle "CB24_2024"]
[SourceDate "2024.06.12"]
[SourceVersion "1"]
[SourceVersionDate "2024.06.12"]
[SourceQuality "1"]

1. e4 e5 2. Nf3 Nc6 3. Bb5 a6 4. Ba4 Nf6 5. 0-0 Be7 6. Re1 b5 7. Bb3 d6 8. c3 Na5 9. Bc2 c5 10. h3 Qc7 11. d4 Bd7 12. d5 Rg8 13. Nh2 g5 14. Ng4 Nxg4 15. hxg4 Qc8 16. f3 Rh8 17. Kf2 h5 18. Rh1 h4 19. b3 Nb7 20. a4 bxa4 21. bxa4 c4 22. Be3 Na5 23. Nd2 Rb8 24. Rb1 Kf8 25. Qe2 Kg7 26. Rxb8 Qxb8 27. Rb1 Qc8 28. Bb6 h3 29. gxh3 Rxh3 30. Kg2 Qh8 31. Nf1 Nb3 32. a5 Rh1 33. Kf2 Qh4+ 34. Ke3 Qh3 35. Bxb3 cxb3 36. Kd2 Ba4 37. Bf2 b2 38. Ke1 Bd8 39. Bb6 Qh4+ 40. Kd2 Qh8 41. Rxb2 Qe8 42. Qxa6 Bf6 43. Qe2 Qa8 44. Ne3 Bd7 45. Nf1 Bc8 46. Ng3 Ra1 47. Nh5+ Kg6 48. Nxf6 Kxf6 49. Qh2 Kg7 50. Qh5 Qa6 51. Qxg5+ Kh7 52. Qh4+ Kg7 53. Bd8 f5 54. Qe7+ Kg8 55. Qe8+ Kg7 56. exf5 Rd1+ 57. Kxd1 Qf1+ 58. Kc2 Qe2+ 59. Kb3 Qd1+ 60. Kb4 1-0

[Event "ARG-ch sf 99th"]
[Site "Buenos Aires"]
[Date "2024.06.02"]
[Round "2"]
[White "Rodriguez Caimmi, Facundo"]
[Black "Naboulet, Pablo Leon"]
[Result "0-1"]
[WhiteElo "1651"]
[BlackElo "1936"]
[PlyCount "84"]
[EventDate "2024.06.01"]
[EventType "swiss"]
[EventRounds "9"]
[EventCountry "ARG"]
[SourceTitle "CB24_2024"]
[SourceDate "2024.06.12"]
[SourceVersion "1"]
[SourceVersionDate "2024.06.12"]
[SourceQuality "1"]

1. e4 c5 2. Nf3 e6 3. d3 Nc6 4. g3 d5 5. Qe2 Nf6 6. Bg2 Be7 7. 0-0 0-0 8. e5 Nd7 9. h4 b5 10. c4 bxc4 11. dxc4 Ba6 12. b3 Ndxe5 13. Nxe5 Nxe5 14. Na3 Nc6 15. Bb2 Nd4 16. Bxd4 cxd4 17. Nb5 Bf6 18. Rad1 Qb6 19. a4 Rab8 20. cxd5 Bxb5 21. axb5 Qxb5 22. Qxb5 Rxb5 23. dxe6 fxe6 24. Rfe1 Kf7 25. Ra1 a5 26. Bf1 Rc5 27. Bc4 Re8 28. Ra2 Re7 29. Kf1 h6 30. Rc2 Re5 31. Rxe5 Bxe5 32. f4 Bd6 33. Re2 Kf6 34. Kg2 g6 35. Kf3 e5 36. fxe5+ Bxe5 37. Ra2 Bc7 38. Rf2 Re3+ 39. Kg2+ Ke5 40. Re2 Ke4 41. g4 d3 42. Re1 Rxe1 0-1

[Event "ARG-ch sf 98th"]
[Site "Buenos Aires"]
[Date "2023.05.03"]
[Round "5"]
[White "Cumpe, Lucas"]
[Black "Naboulet, Pablo Leon"]
[Result "1/2-1/2"]
[WhiteElo "2130"]
[BlackElo "1903"]
[PlyCount "57"]
[EventDate "2023.04.29"]
[EventType "swiss"]
[EventRounds "9"]
[EventCountry "ARG"]
[SourceTitle "CBM 214 Extra"]
[Source "ChessBase"]
[SourceDate "2023.07.31"]
[SourceVersion "1"]
[SourceVersionDate "2023.07.31"]
[SourceQuality "1"]

1. Nf3 Nf6 2. g3 g6 3. b3 Bg7 4. Bb2 0-0 5. Bg2 d6 6. d4 Nbd7 7. 0-0 e5 8. dxe5 Ng4 9. c4 Ndxe5 10. Nxe5 Nxe5 11. Qd2 Qe7 12. Nc3 f5 13. Rad1 Rb8 14. Ba3 Be6 15. Nd5 Bxd5 16. Qxd5+ Nf7 17. c5 Qxe2 18. cxd6 cxd6 19. Qa5 Qxa2 20. Bd5 Bb2 21. Qc7 Qxa3 22. Bxf7+ Kh8 23. Rfe1 Qc5 24. Qe7 f4 25. Rd5 Qc3 26. Rde5 Rxf7 27. Qxf7 dxe5 28. Qf6+ Kg8 29. Qe6+ 1/2-1/2

[Event "ARG-ch sf 98th"]
[Site "Buenos Aires"]
[Date "2023.05.01"]
[Round "3"]
[White "Naboulet, Pablo Leon"]
[Black "Toniutti, Ezio"]
[Result "1/2-1/2"]
[WhiteElo "1903"]
[BlackElo "2224"]
[PlyCount "129"]
[EventDate "2023.04.29"]
[EventType "swiss"]
[EventRounds "9"]
[EventCountry "ARG"]
[SourceTitle "CBM 214 Extra"]
[Source "ChessBase"]
[SourceDate "2023.07.31"]
[SourceVersion "1"]
[SourceVersionDate "2023.07.31"]
[SourceQuality "1"]

1. e4 e5 2. Nf3 Nc6 3. Bb5 g6 4. c3 d6 5. 0-0 Bd7 6. d4 Bg7 7. Re1 a6 8. Ba4 b5 9. Bc2 Nf6 10. h3 0-0 11. Nbd2 Re8 12. Nf1 Qe7 13. Ng3 Qf8 14. Be3 Na5 15. b3 c5 16. Qd2 Nb7 17. Rad1 a5 18. Nh2 b4 19. dxe5 dxe5 20. Bg5 Be6 21. Nf3 Nd7 22. Qe2 c4 23. Bd2 h6 24. bxc4 Rec8 25. Bd3 Nb6 26. cxb4 axb4 27. Rb1 Rxa2 28. Qe3 Nxc4 29. Bxc4 Rxc4 30. Qb6 Qc8 31. Rxb4 Nc5 32. Rxc4 Bxc4 33. Be3 Nd3 34. Rb1 Nf4 35. Qd6 Qe6 36. Rb8+ Kh7 37. Qd8 f6 38. Rb6 Qf7 39. Qb8 Ra7 40. Rb4 Rc7 41. Kh2 Be6 42. Qb5 Qe7 43. Rb1 Bc8 44. Qa5 Bb7 45. Nd2 Ne6 46. Qb4 Qxb4 47. Rxb4 Bf8 48. Rb6 Bc8 49. Rb3 Rc2 50. Nf3 h5 51. Nh4 Nf4 52. Rb1 Be6 53. Rb7+ Kg8 54. Bb6 Bf7 55. Be3 Nd3 56. Kg1 Nb2 57. Rb8 Nd1 58. Ba7 Rc1 59. Kh2 Rc7 60. Bb6 Rc2 61. Kg1 Kg7 62. Nhf5+ gxf5 63. Nxf5+ Kg8 64. Ne7+ Kg7 65. Nf5+ 1/2-1/2

[Event "Vicente Lopez ProAm 100 Years op"]
[Site "Buenos Aires"]
[Date "2022.10.15"]
[Round "5"]
[White "Naboulet, Pablo Leon"]
[Black "Roman, Rodrigo"]
[Result "1-0"]
[WhiteElo "1829"]
[BlackElo "2078"]
[PlyCount "57"]
[EventDate "2022.10.11"]
[EventType "swiss"]
[EventRounds "9"]
[EventCountry "ARG"]
[SourceTitle "CBM 210 Extra"]
[Source "ChessBase"]
[SourceDate "2022.11.30"]
[SourceVersion "1"]
[SourceVersionDate "2022.11.30"]
[SourceQuality "1"]

1. e4 c6 2. d4 d5 3. exd5 cxd5 4. Bd3 Nc6 5. c3 Qc7 6. Ne2 g6 7. Bf4 Qb6 8. Qb3 Qd8 9. Nd2 Nf6 10. 0-0 Bg7 11. h3 0-0 12. Nf3 b6 13. Ng3 Bb7 14. Rfe1 e6 15. Rad1 Ne7 16. Qc2 Rc8 17. Qd2 Nf5 18. Nxf5 exf5 19. Bh6 Ne4 20. Qf4 Re8 21. Bxg7 Kxg7 22. h4 h5 23. Ne5 f6 24. Nxg6 Kxg6 25. f3 Qd6 26. Rxe4 Qd7 27. Rxe8 Rxe8 28. g4 Qg7 29. Qxf5+ 1-0

[Event "Vicente Lopez ProAm 100 Years op"]
[Site "Buenos Aires"]
[Date "2022.10.12"]
[Round "2"]
[White "Zuriel, Marisa"]
[Black "Naboulet, Pablo Leon"]
[Result "1-0"]
[WhiteElo "2130"]
[BlackElo "1829"]
[PlyCount "63"]
[EventDate "2022.10.11"]
[EventType "swiss"]
[EventRounds "9"]
[EventCountry "ARG"]
[SourceTitle "CBM 210 Extra"]
[Source "ChessBase"]
[SourceDate "2022.11.30"]
[SourceVersion "1"]
[SourceVersionDate "2022.11.30"]
[SourceQuality "1"]

1. e4 c5 2. Nf3 d6 3. d4 cxd4 4. Nxd4 Nf6 5. Nc3 g6 6. Be3 Bg7 7. f3 Nc6 8. Qd2 0-0 9. Bc4 Bd7 10. Bb3 Nxd4 11. Bxd4 b5 12. Nd5 Nxd5 13. Bxg7 Kxg7 14. exd5 Qb6 15. 0-0-0 a5 16. a3 Rac8 17. Rhe1 Rfe8 18. Re3 a4 19. Ba2 Bf5 20. Bb1 Rc4 21. g4 Bc8 22. Ba2 Rc5 23. Qd4+ Kg8 24. h4 Qc7 25. c3 h6 26. Rde1 f5 27. h5 g5 28. f4 fxg4 29. fxg5 e5 30. dxe6 Rxg5 31. e7+ Kh7 32. Bf7 1-0

[Event "ARG-chT"]
[Site "Villa Martelli"]
[Date "2022.08.26"]
[Round "1.5"]
[White "Naboulet, Pablo Leon"]
[Black "Pierucci, Fabian"]
[Result "1/2-1/2"]
[WhiteElo "1813"]
[BlackElo "1833"]
[PlyCount "79"]
[EventDate "2022.08.26"]
[EventType "team-swiss"]
[EventRounds "8"]
[EventCountry "ARG"]
[SourceTitle "EXT 2023"]
[Source "ChessBase"]
[SourceDate "2022.10.05"]
[SourceVersion "1"]
[SourceVersionDate "2022.10.05"]
[SourceQuality "1"]
[WhiteTeam "Quilmes"]
[BlackTeam "Ventajedrez Plastigal"]
[WhiteTeamCountry "ARG"]
[BlackTeamCountry "ARG"]

1. e4 c5 2. Nf3 d6 3. d4 cxd4 4. Nxd4 Nf6 5. Nc3 a6 6. h3 e5 7. Nde2 Be7 8. g4 h6 9. Bg2 Nbd7 10. Ng3 g6 11. a4 b6 12. 0-0 Bb7 13. Be3 Nc5 14. Qd2 h5 15. g5 Nfd7 16. h4 0-0 17. Rad1 Rc8 18. Bh3 Ne6 19. Nd5 Bxd5 20. exd5 Nf4 21. Bxf4 exf4 22. Ne4 Ne5 23. f3 Rc4 24. b3 Nxf3+ 25. Rxf3 Rxe4 26. Qd3 Re5 27. Qxa6 Re8 28. Qf1 f6 29. gxf6 Bxf6 30. Rxf4 Bxh4 31. Be6+ Kh8 32. Rf7 Re3 33. Qf4 Bg5 34. Qd4+ Re5 35. Rd3 Bf6 36. Qf2 Bh4 37. Qd4 Bf6 38. Qf4 Bg5 39. Qd4 Bf6 40. Qf4 1/2-1/2

[Event "ARG-chT ART Semillero U21"]
[Site "Villa Martelli"]
[Date "2018.06.02"]
[Round "1.1"]
[White "Naboulet, Pablo Leon"]
[Black "Faingerch, Sebastian"]
[Result "0-1"]
[WhiteElo "1230"]
[BlackElo "1917"]
[PlyCount "62"]
[EventDate "2018.06.02"]
[EventType "team-swiss"]
[EventRounds "6"]
[EventCountry "ARG"]
[SourceTitle "EXT 2019"]
[Source "ChessBase"]
[SourceDate "2018.10.10"]
[SourceVersion "1"]
[SourceVersionDate "2018.10.10"]
[SourceQuality "1"]
[WhiteTeam "Lasker Quilmes U21"]
[BlackTeam "Club Villa del Parque U21"]
[WhiteTeamCountry "ARG"]
[BlackTeamCountry "ARG"]

1. e4 e6 2. d4 d5 3. e5 c5 4. c3 Nc6 5. Nf3 Qb6 6. a3 cxd4 7. cxd4 Nge7 8. b4 Bd7 9. Nc3 a6 10. Be2 Nf5 11. Be3 Nxe3 12. fxe3 Rc8 13. Rc1 Nxb4 14. axb4 Bxb4 15. Qb3 Qa5 16. 0-0 Bxc3 17. Qxb7 Rc7 18. Qxa6 Qxa6 19. Bxa6 0-0 20. Rf2 Ba5 21. Rfc2 Ra7 22. Bd3 f6 23. Ra2 Rfa8 24. e4 fxe5 25. dxe5 Bb6+ 26. Kh1 Rxa2 27. exd5 Ra1 28. Bb1 exd5 29. Ng5 Bf5 30. e6 Bxb1 31. e7 Bg6 0-1